Rivals weapons, maps and gamemodes - Statistics

General Stats
  • This quiz has been taken 9 times
  • The average score is 29 of 103
Answer Stats
categories rarity Answer % Correct
Big Map Hard Big Onyx
57%
Legacy Map Private Server Only Legacy Onyx
57%
Map Hard Onyx
57%
Map Easy Arena
43%
Big Map Easy Big Arena
43%
Big Map Medium Big Crossroads
43%
Gamemode / Bunny Sniping
43%
Map Medium Crossroads
43%
Arcade / FFA
43%
Utility Standard Freeze Ray
43%
Arcade / Gun Game
43%
Melee Standard Knife
43%
Legacy Map Private Server Only Legacy Crossroads
43%
Legacy Map Private Server Only Legacy Docks
43%
Primary Standard RPG
43%
Primary Standard Sniper
43%
Arcade / Team Deathmatch
43%
Primary Standard Assault Rifle
29%
Map Easy Backrooms
29%
Map Private Server Only Baseplate
29%
Melee Standard Battle Axe
29%
Map Easy Battleground
29%
Big Map Easy Big Backrooms
29%
Big Map Medium Big Graveyard
29%
Big Map Medium Big Splash
29%
Big map Medium Big Station
29%
Primary Standard Bow
29%
Map Easy Bridge
29%
Primary Standard Burst Rifle
29%
Melee Standard Chainsaw
29%
Map Hard Construction
29%
Primary Standard Crossbow
29%
Secondary Standard Daggers
29%
Map Hard Dimension
29%
Map Medium Docks
29%
Event Gamemode / Easy Exploits
29%
Secondary Prime Energy Pistols
29%
Primary Prime Energy Rifle
29%
Secondary Prime Exogun
29%
Experimental Map Easy Factory
29%
Melee Standard Fists
29%
Secondary Standard Flare Gun
29%
Utility Standard Flashbang
29%
Map Medium Graveyard
29%
Utility Standard Grenade
29%
Primary Prime Grenade Launcher
29%
Primary Standard Gunblade
29%
Secondary Standard Handgun
29%
Gamemode / Hardcore Parkour
29%
Gamemode / Head Honcho
29%
Map Medium Iceberg
29%
Utility Standard Jump Pad
29%
Melee Standard Katana
29%
Legacy Map Private Server Only Legacy Backrooms
29%
Legacy Map Private Server Only Legacy Battleground
29%
Legacy Map Private Server Only Legacy Big Splash
29%
Legacy Map Private Server Only Legacy Splash
29%
Gamemode / Limitless Loadout
29%
Melee Prime Maul
29%
Utility Prime Medkit
29%
Primary Prime Minigun
29%
Utility Standard Molotov
29%
Primary Contraband Permafrost
29%
Secondary Standard Revolver
29%
Melee Standard Riot Shield
29%
Gamemode / RIVALS RNG
29%
Experimental Map Easy Sandbox
29%
Utility Standard Satchel
29%
Melee Standard Scythe
29%
Map Easy Shooting Range
29%
Secondary Standard Shorty
29%
Primary Standard Shotgun
29%
Secondary Prime Slingshot
29%
Utility Standard Smoke Grenade
29%
Map Medium Splash
29%
Gamemode / Spleef
29%
Map Medium Station
29%
Utility Prime Subspace Tripmine
29%
Gamemode / Swift Standoff
29%
Gamemode / Tag Team
29%
Melee Prime Trowel
29%
Utility Standard War Horn
29%
Secondary Prime Warper
29%
Utility Prime Warpstone
29%
Map Easy Chess
14%
Gamemode / Chicken Game
14%
Gamemode / Default Duel
14%
Primary Contraband Distortion
14%
Gamemode / Double Trouble
14%
Primary Prime Flamethrower
14%
Gamemode / Juggernaut
14%
Gamemode / Mirror Matchup
14%
Primary Prime Paintball Gun
14%
Map Easy Playground
14%
Gamemode Exclusive Contraband RNG Dice
14%
Secondary Standard Spray
14%
Secondary Standard Uzi
14%
Map Easy Village
14%
Event Gamemode / Zombie Tower
14%
Gamemode Exclusive Contraband Elixir
0%
Gamemode Exclusive Contraband Glass Cannon
0%
Gamemode Exclusive Contraband Glast Shard
0%
Gamemode Exclusive Contraband Scepter
0%
No matching quizzes found
Score Distribution
Percent of People with Each Score
Percentile by Number Answered
Your Score History
You have not taken this quiz